On This Day (February 11th) Multiple Choice - Statistics

General Stats
  • This quiz has been taken 19 times
    4 since last reset
  • The average score is 8 of 16
Answer Stats
Question Answer % Correct
1534 – Henry VIII of England is recognized as the supreme head of what ? Church of England
100%
1929 – The Kingdom of Italy and which other state sign the Lateran Treaty ? Vatican City
100%
2014 – A military transport plane crashes in a mountainous area of Oum El Bouaghi Province, killing 77 people, in the east of which country ? Algeria
75%
2020 - The World Health organisation officially names the coronavirus outbreak as what? COVID-19
75%
2013 - The Vatican confirms that Pope Benedict XVI will resign the papacy as a result of what? Old Age
75%
2001 – A Dutch programmer launched a virus infecting millions of emails via a trick photo of which tennis star ? Anna Kournikova
50%
1978 – China lifts a ban on works by Aristotle, William Shakespeare and which other author ? Charles Dickens
50%
1812 – Massachusetts governor Elbridge Gerry is the first to be accused of what ? Gerrymandering
50%
1659 – The assault on Copenhagen by forces from which country is beaten back with heavy losses ? Sweden
50%
1858 – Bernadette Soubirous has her first vision of who in Lourdes, France ? Virgin Mary
50%
2006 – U.S. Vice President Dick Cheney shot Harry Whittington, a 78-year-old Texas attorney, while participating in which activity on a ranch in Riviera, Texas ? Quail Hunt
25%
1926 – Leslie Nielsen, actor, producer, and star of the "Naked Gun" film franchise is born in which city ? Regina, Saskatchewan, Canada
25%
1942 – World War II: The Battle of Bukit Timah is fought in which country ? Singapore
25%
1981 – Around 100,000 gallons of radioactive coolant leak into the containment building of a nuclear plant, contaminating 8 workers, in which state of the US ? Tennessee
25%
1823 – Carnival tragedy of 1823: About 110 boys are killed during a stampede at the Convent of the Minori Osservanti in which European city ? Valletta, Malta
25%
2012 – Whitney Houston, American singer-songwriter, producer, and actress dies in which Beverly Hills Hotel ? Beverly Hilton
0%
No matching quizzes found
Score Distribution
Percent of People with Each Score
Percentile by Number Answered
Your Score History
You have not taken this quiz since the last reset